000 00653nam a2200253 a 4500
001 nice12345678
003 IN_TiNIC
005 20260116011321.0
008 050524s1925 laha grp 000 0 eng
020 _a
_c0
082 0 0 _a954.024
_bKHA
100 _aKhan, Zulfiqar Ali
245 _aSher Shah Suri
_b Emperor of India.
260 _aLahore
_bCivil and Military Gazette Ltd
_c1925
300 _a114p
500 _aincludes index and biblioraphy
505 2 _aIndex
650 _aIndia-History Muslim Period
650 _aIndia-History Sher Shah Suri
700 1 _aKhan, Zulfiqar Ali
902 _bSRS
942 _cBK
999 _c448
_d448